|
|
|
|
| LEADER |
01013nam a2200229 u 4500 |
| 001 |
10057331 |
| 003 |
GR-PaULI |
| 005 |
20210423112301.0 |
| 008 |
060526s2000 gr gre |
| 952 |
|
|
|0 0
|1 0
|2 ddc
|4 0
|6 510_285000000000000_536_ΠΑΠ
|7 0
|9 231062
|a LISP
|b LISP
|c BSC
|d 2019-03-27
|i 140019
|l 0
|o 510.285 536 ΠΑΠ
|p 025000261880
|r 2019-03-27 00:00:00
|t 1
|v 2019.00
|w 2019-03-27
|y BK15
|
| 999 |
|
|
|c 140350
|d 140350
|
| 020 |
|
|
|a 9608050367
|
| 040 |
|
|
|a GR-PaULI
|c GR-PaULI
|b gre
|e AACR2
|
| 082 |
0 |
4 |
|a 510.285 536
|2 23
|
| 100 |
1 |
|
|a Παπαδάκης, Κωνσταντίνος Ε.
|9 34859
|e συγγραφέας.
|
| 245 |
1 |
0 |
|a Οδηγός για το Mathematica /
|c Κ. Ε. Παπαδάκης.
|
| 260 |
|
|
|a Θεσσαλονίκη :
|b Τζιόλας,
|c 2000.
|
| 300 |
|
|
|a 334 σ. :
|b εικ. ;
|c 24 εκ.
|
| 500 |
|
|
|a Περιλαμβάνει ευρετήριο.
|
| 650 |
|
4 |
|a Άλγεβρα
|x Ηλεκτρονικοί υπολογιστές
|x Προγράμματα
|9 112864
|
| 942 |
|
|
|2 ddc
|c BK15
|
| 998 |
|
|
|c ΜΠΟΥΡΑΣ
|d 2019-03
|